Program hospodárskeho a sociálneho rozvoja
V zmysle nového zákona č. 539/2008 Z.z. o podpore regionálneho rozvoja dochádza k zásadnej zmene postavenia Programu hospodárskeho a sociálneho rozvoja (PHSR) VÚC alebo obce medzi plánovacími a riadiacimi dokumentami saposprávy. 1. časť článku. Nové zdroje financovania regionálneho rozvoja. Príležit...
Salvato in:
| Autore principale: | |
|---|---|
| Natura: | Capitolo di libro |
| Lingua: | slovacco |
| Soggetti: | |
| Tags: |
Nessun Tag, puoi essere il primo ad aggiungerne!!
|
MARC
| LEADER | 00000naa$a2200000$$$4500 | ||
|---|---|---|---|
| 001 | 0109342 | ||
| 005 | 20240502072216.6 | ||
| 041 | 0 | |a slo | |
| 044 | |a SK | ||
| 245 | 1 | 0 | |a Program hospodárskeho a sociálneho rozvoja |c Peter Filo |
| 520 | |a V zmysle nového zákona č. 539/2008 Z.z. o podpore regionálneho rozvoja dochádza k zásadnej zmene postavenia Programu hospodárskeho a sociálneho rozvoja (PHSR) VÚC alebo obce medzi plánovacími a riadiacimi dokumentami saposprávy. 1. časť článku. Nové zdroje financovania regionálneho rozvoja. Príležitosť pre manažérsky prístup v riadení samosprávy. Subjekty a partnerstvá. | ||
| 610 | 2 | 0 | |a samospráva |
| 610 | 2 | 0 | |a samospráva miestna |
| 610 | 2 | 0 | |a rozvoj regionálny |
| 610 | 2 | 0 | |a financovanie |
| 610 | 2 | 0 | |a rozvoj hospodársky |
| 610 | 2 | 0 | |a rozvoj sociálny |
| 610 | 2 | 0 | |a riadenie |
| 100 | 1 | |a Filo, Peter | |